LIBRARY & INFORMATION CENTRE, KCAET, TAVANUR

ONLINE PUBLIC ACCESS CATALOGUE (OPAC)

Presenting the library service / (Record no. 5748)

MARC details
000 -LEADER
fixed length control field 00528cam a2200193ua 4500
020 ## - INTERNATIONAL STANDARD BOOK NUMBER
ISBN 0-85157-320-7
041 ## - LANGUAGE CODE
Language code of text/sound track or separate title eng
082 ## - DEWEY DECIMAL CLASSIFICATION NUMBER
Classification number 025.5
Item number STO/PR
100 ## - MAIN ENTRY--AUTHOR NAME
Personal name Stoakley, Roger .
245 ## - TITLE STATEMENT
Title Presenting the library service /
250 ## - EDITION STATEMENT
Edition statement 1 /
260 ## - PUBLICATION, DISTRIBUTION, ETC. (IMPRINT)
Place of publication London :
Name of publisher Clive Knigley ,
Year of publication 1982.
300 ## - PHYSICAL DESCRIPTION
Number of Pages 109 ; .
490 0# - SERIES STATEMENT
Series statement Outline of modern librarianship,
Volume number/sequential designation
942 ## - ADDED ENTRY ELEMENTS (KOHA)
Koha item type Books
Holdings
Withdrawn status Lost status Damaged status Home library Current library Date acquired Full call number Accession Number Koha item type
      KAUAET KAUAET 09/03/1987 025.5 16046 Reference
free website counter